Effects of positive action in elementary school on student behavior and social- emotional outcomes / (Record no. 21738)
[ view plain ]
| 000 -LEADER | |
|---|---|
| fixed length control field | 01114nam a22002537a 4500 |
| 003 - CONTROL NUMBER IDENTIFIER | |
| control field | OSt |
| 005 - DATE AND TIME OF LATEST TRANSACTION | |
| control field | 20250220152353.0 |
| 008 - FIXED-LENGTH DATA ELEMENTS--GENERAL INFORMATION | |
| fixed length control field | 240920b ||||| |||| 00| 0 eng d |
| 040 ## - CATALOGING SOURCE | |
| Transcribing agency | 0 |
| 082 ## - DEWEY DECIMAL CLASSIFICATION NUMBER | |
| Classification number | DPer 372.05 EL269 2021 v. 122 n. 1-4 |
| 100 ## - MAIN ENTRY--PERSONAL NAME | |
| Personal name | Lewis, Kendra M. |
| Relator term | author. |
| 9 (RLIN) | 61315 |
| 245 ## - TITLE STATEMENT | |
| Title | Effects of positive action in elementary school on student behavior and social- emotional outcomes / |
| Statement of responsibility, etc. | Kendra M. Lewis, Stefanie D. Holloway, Niloofar Bavarian, Naida Silverthorn, David L. Dubois, Brian R. Flay, and Carl F. Siebert. |
| 260 ## - PUBLICATION, DISTRIBUTION, ETC. (IMPRINT) | |
| Place of publication, distribution, etc. | USA ; |
| Name of publisher, distributor, etc. | University of Chicago Press, |
| Date of publication, distribution, etc. | June 2021. |
| 300 ## - PHYSICAL DESCRIPTION | |
| Extent | volume 122, pages 635-655, |
| Other physical details | illustratuion. |
| 500 ## - GENERAL NOTE | |
| General note | The Elementary School Journal, v. 122, n. 4, pages 635-656, June 2021 |
| 700 ## - ADDED ENTRY--PERSONAL NAME | |
| Personal name | Lewis, Kendra M. |
| Relator term | author. |
| 9 (RLIN) | 61315 |
| 700 ## - ADDED ENTRY--PERSONAL NAME | |
| Personal name | Holloway, Stefanie D. |
| Relator term | author. |
| 9 (RLIN) | 61316 |
| 700 ## - ADDED ENTRY--PERSONAL NAME | |
| Personal name | Bavarian, Niloofar. |
| Relator term | author. |
| 9 (RLIN) | 61317 |
| 700 ## - ADDED ENTRY--PERSONAL NAME | |
| Personal name | Silverthorn, Naida. |
| Relator term | author. |
| 9 (RLIN) | 61318 |
| 700 ## - ADDED ENTRY--PERSONAL NAME | |
| Personal name | Dubois, David L. |
| Relator term | author. |
| 9 (RLIN) | 61319 |
| 700 ## - ADDED ENTRY--PERSONAL NAME | |
| Personal name | Flay, Brian R. |
| Relator term | author. |
| 9 (RLIN) | 61320 |
| 700 ## - ADDED ENTRY--PERSONAL NAME | |
| Personal name | Siebert, Carl F. |
| Relator term | author. |
| 9 (RLIN) | 61321 |
| 942 ## - ADDED ENTRY ELEMENTS (KOHA) | |
| Source of classification or shelving scheme | Dewey Decimal Classification |
| Koha item type | Periodicals |
| Withdrawn status | Lost status | Source of classification or shelving scheme | Damaged status | Not for loan | Collection code | Home library | Current library | Date acquired | Total Checkouts | Date last seen | Price effective from | Koha item type | Public note |
|---|---|---|---|---|---|---|---|---|---|---|---|---|---|
| Dewey Decimal Classification | Periodicals | UM Digos College - LIC | UM Digos College - LIC | 09/20/2024 | 09/20/2024 | 09/20/2024 | Periodicals | Periodical Article |
